00318nam a2200121Ia 4500008004100000041000800041082001400049100001800063245004500081260003500126300002400161365001100185240624s9999 xx 000 0 und d aeng a658.8 BUS aBUSINESSWORLD aMARKETING WHITEBOOK 2010 2011 ONE STOP G c2010aNew DelhibBusinessworld a452 : p. : cm. ; 20 cRSb20